|
|
|
|
| LEADER |
00000nam a22000007a 4500 |
| 005 |
20171005180329.0 |
| 007 |
cr|||| |||| |
| 008 |
171005s2004 mx |||||s|||| 00||0 spa d |
| 020 |
|
|
|a 978-607-401-740-3
|
| 035 |
|
|
|a 20709
|
| 040 |
|
|
|a vLex
|
| 090 |
|
|
|c 7070
|d 7070
|
| 100 |
1 |
|
|a Doger Guerrero, Enrique
|
| 245 |
1 |
0 |
|a Gobierno municipal
|h [Recurso electrn̤ico] /
|c Enrique Doger Guerrero
|
| 256 |
|
|
|a Servicio en ln̕ea
|
| 260 |
|
|
|a Ciudad de Mx̌ico:
|b Cm̀ara de Diputados,
|c 2004
|
| 300 |
|
|
|a 1 recurso electrn̤ico
|
| 500 |
|
|
|a La idea de que el municipio sea base fundamental de nuestra organizacin̤ polt̕ica y administrativa, es una fuente vital de la gobernabilidad, de la convivencia comunitaria y del ejercicio de la ciudadana̕ en nuestro pas̕; šte es un sl̤ido concepto democrt̀ico y moderno que permea el presente libro. La tesis, que subyace a lo largo del texto, se funda en un minucioso anl̀isis que documenta el origen tanto del municipio como del ayuntamiento en la historia nacional y su quehacer de gobierno en el Mx̌ico actual, adems̀ de que propone una visin̤ de futuro sobre la funcin̤ del nuevo municipio en el desarrollo regional y metropolitano, en el contexto de una economa̕ nacional insertada en un mundo globalizado, donde la esencia de la polt̕ica sigue siendo local. El texto aporta instrumentos para el ejercicio del gobierno municipal y una seleccin̤ de referencias documentales y reflexiones sobre el futuro del gobierno municipal que, en conjunto, hacen de este volumen un libro indispensable en el acervo de quienes integran el gobierno municipal en nuestros da̕s, as ̕como para los estudiosos del rǧimen polt̕ico y de quienes estamos dedicados a legislar para que el municipio siga siendo la fuente bs̀ica de la gobernabilidad democrt̀ica, la formacin̤ de ciudadana̕ y la cohesin̤ del pacto federal.
|
| 506 |
1 |
|
|a Disponible solo en los productos indicados
|d vLex Global
|d vLex Global (Academic Edition, excluding Law Schools)
|d vLex Global (U.S. Academic Edition, Law Schools)
|d vLex Global (U.S. Academic Edition, excluding Law Schools)
|d vLex Global (Academic Edition, Law Schools)
|
| 650 |
0 |
4 |
|a Derecho civil
|z Mx̌ico
|
| 650 |
0 |
4 |
|a Derecho constitucional
|z Mx̌ico
|
| 740 |
0 |
|
|a vLex Libros (Servicio en ln̕ea)
|
| 856 |
4 |
0 |
|u http://vlex.com/source/gobierno-municipal-20709
|z Acceso restringido
|
| 942 |
|
|
|c BOOK
|
| 999 |
0 |
|
|a Civil law
|
| 999 |
0 |
|
|a Constitucional law
|